000 00265nam a22001217a 4500
082 _a670.4223
100 _aGUPTA, R.B.
245 _aWORKSHOP TECHNOLOGY V-3
260 _aSatya Prakashan,
_bNew Delhi,
_c2005.
300 _aInvp
500 _aPaperback.
942 _cBK
999 _c32630
_d32630